Derecho administrativo especial (Registro nro. 311045)
[ vista simple ]
| 000 -ENCABEZADO | |
|---|---|
| Número de control [NR] | 01025nam a2200289Mi 4500 |
| 001 - NÚMERO DE CONTROL | |
| control field | on1065752603 |
| 003 - IDENTIFICADOR DE CONTROL NÚMERO | |
| control field | Co-BoUCM |
| 005 - FECHA Y HORA DE LA ÚLTIMA TRANSACCIÓN | |
| control field | 20181126113526.0 |
| 008 - DE LONGITUD FIJA DE DATOS DE ELEMENTOS - INFORMACIÓN GENERAL | |
| Elementos de longitud fija [NR] | 181126s2018 ck f 001 0 spa d |
| 015 ## - NUMERO DE BIBLIOGRAFIA NACIONAL [R] | |
| Número de bibliografía nacional [R] | ck-2018-xxxx |
| 020 ## - NUMERO INTERNACIONAL NORMALIZADO PARA LIBROS [R] | |
| Número Internacional Normalizado del libro [NR] | 9789587499469 |
| 020 ## - NUMERO INTERNACIONAL NORMALIZADO PARA LIBROS [R] | |
| ISBN Cancelado/ Invalidado [R] | 9587499468 |
| 035 ## - NUMERO DE CONTROL DEL SISTEMA [R] | |
| Número de control del sistema [NR] | (OCoLC)1065752603 |
| 040 ## - FUENTE DE CATALOGACION [NR] | |
| Agencia de catalogación original [NR] | Co-BoUCM |
| Idioma de catalogación [NR] | spa |
| Quien Cataloga | Saul Niño |
| Quien Clasifica | Saul Niño |
| 041 ## - CODIGO DE IDIOMA [R] | |
| Código de idioma para texto/pista de sonido o título separado [R] | Español |
| 100 1# - ASIENTO PRINCIPAL--NOMBRE PERSONAL [NR] | |
| Nombre personal [NR] | Rivero Ortega, Ricardo |
| ID Autoridad | 92780 |
| 245 10 - MENCION DE TITULO [NR] | |
| Título [NR] | Derecho administrativo especial |
| Mención de responsabilidad, etc. [NR] | Ricardo Rivero Ortega, Hugo Andrés Arenas Mendoza |
| 260 ## - PUBLICACION, DISTRIBUCION, ETC. (PIE DE IMPRENTA) [R] | |
| Lugar de publicación, distribución, etc. [R] | Bogotá (Colombia) |
| Nombre del editor, distribuidor, etc. [R] | Grupo Editorial Ibáñez |
| Fecha de publicación, distribución, etc. [R] | 2018 |
| 300 ## - DESCRIPCION FISICA [R] | |
| Extensión [R] | 364 páginas |
| 490 0# - MENCION DE SERIE [R] | |
| Mención de serie [R] | Libros resultado de investigación. Serie Summa |
| Designación numérica/secuencial del volumen [NR] | 4 |
| 650 #7 - ASIENTO SECUNDARIO DE MATERIA - TERMINO TEMATICO [R] | |
| Término temático o nombre geográfico como elemento de entrada [NR] | Procedimiento administrativo |
| Subdivisión general [R] | Legislación |
| Subdivisión geográfica [R] | Colombia |
| 9 (RLIN) | 35648 |
| 650 #7 - ASIENTO SECUNDARIO DE MATERIA - TERMINO TEMATICO [R] | |
| Término temático o nombre geográfico como elemento de entrada [NR] | Derecho administrativo |
| Subdivisión geográfica [R] | Colombia |
| 9 (RLIN) | 31733 |
| 650 #7 - ASIENTO SECUNDARIO DE MATERIA - TERMINO TEMATICO [R] | |
| Término temático o nombre geográfico como elemento de entrada [NR] | Derecho procesal |
| Subdivisión geográfica [R] | Colombia |
| 9 (RLIN) | 35563 |
| 700 12 - ASIENTO SECUNDARIO - NOMBRE PERSONAL [R] | |
| Nombre personal [NR] | Arenas Mendoza, Hugo Andrés |
| 9 (RLIN) | 44067 |
| 942 ## - ELEMENTOS DE ENTRADA AGREGADOS (KOHA) | |
| Sistema de clasificación | DEWEY |
| Tema principal | Derecho |
| Tipo de ítem principal el descrito en 300a | Libro |
| Edición | 1 |
| Clasificación | 342.066 |
| Parte restante de la signatura top. | R621d |
| Fecha de último préstamo | Total préstamos | Total Renewals | Signatura topográfica | Código de barras | Última vez visto | Ejemplar | Costo de reposición | Price effective from | Tipo de ítem | Perdido | Sistema de clasificación | Dañado | No prestable | Tipo de ítem específico | Suprimido | Ubicación habitual | Ubicación actual | Localización | Fecha de creación | Proveedor | Forma de adquisición | Costo |
|---|---|---|---|---|---|---|---|---|---|---|---|---|---|---|---|---|---|---|---|---|---|---|
| 18/09/2024 | 12 | 8 | 342.066 R621d | 100158732 | 05/12/2025 | Ej.2 | 68000.00 | 14/11/2018 | Libro | DEWEY | Libro | Claustro | Claustro | 3er piso | 14/11/2018 | 1 | Compra | 68000.00 | ||||
| 24/10/2024 | 13 | 18 | 342.066 R621d | 100158733 | 05/12/2025 | Ej.3 | 68000.00 | 14/11/2018 | Libro | DEWEY | Libro | Claustro | Claustro | 3er piso | 14/11/2018 | 1 | Compra | 68000.00 |